[Event "9th Ferdowski Cup 2019"]
[Site "Mashhad"]
[Date "2019.03.02"]
[Round "2.1"]
[White "Grigoryan, Karen H."]
[Black "Moradi, Amirmasoud"]
[Result "1/2-1/2"]
[WhiteElo "2571"]
[BlackElo "2297"]
[Annotator "TA"]
[PlyCount "140"]
[EventDate "2019.03.01"]
[EventType "swiss"]
[EventCountry "IRI"]
[SourceTitle "playchess.com"]
[Source "ChessBase"]
[SourceQuality "1"]

{[%evp 23,140,18,21,11,11,4,19,12,15,6,12,0,0,0,0,0,0,0,7,0,0,0,0,0,0,0,0,0,0,-11,0,0,0,0,0,0,0,-20,0,-45,-37,-54,-54,-60,-45,-46,0,-69,0,0,0,0,0,-29,-3,-1,0,0,0,0,0,0,0,0,0,0,0,-5,-14,-12,0,-6,0,0,0,0,0,0,0,0,0,0,0,-8,-8,-22,-33,-145,-8,-8,-8,-8,-8,-8,-8,-8,-8,-8,-8,-8,-8,-8,-8,-8,-8,-8,-8,-8,-8,-8,0,0,0,0,0,-8,-8,-8,0]} 1. Nf3 Nf6 2. g3 d5 3. Bg2 c6 4. O-O Bg4 5. d4 Nbd7 6. Nbd2 e6 7. Re1 Be7 8. e4 dxe4 9. Nxe4 O-O 10. Nxf6+ Bxf6 11. c3 Qb6 12. Qb3 a5 13. Qxb6 {D02: 1 d4 d5 2 Nf3 sidelines, including 2...Nf6 3 g3 and 2...Nf6 3 Bf4} Nxb6 14. Ne5 {[#]} Bh5 $146 ({Predecessor:} 14... Bf5 15. g4 Bg6 16. b3 Rfd8 17. Nxg6 hxg6 18. g5 Be7 19. h4 Nd5 20. Bd2 Bd6 {0-1 (66) Zickus,S (2315)-Portisch,L (2513) Warsaw 2008}) 15. Nd3 a4 16. Bf4 Nd5 17. Bd6 Rfd8 18. Ba3 Bg6 19. Red1 Bxd3 20. Rxd3 Be7 21. Bxe7 Nxe7 22. Kf1 Kf8 23. Ke2 Nd5 24. a3 Nb6 25. Kd2 Ra5 26. Kc2 Rb5 27. Bf1 Rbd5 28. Rdd1 g6 29. Rab1 Nc8 30. f4 b5 31. b3 axb3+ 32. Kxb3 Nb6 33. Re1 Ra8 34. Re5 Ra4 35. Bg2 (35. Rxd5 $11 exd5 36. Re1) 35... Rxe5 ({Better is} 35... Rd6 $15) 36. fxe5 $15 {[%mdl 4096] Endgame KRB-KRN} Nc4 37. Ra1 Ke7 38. Ra2 Kd7 39. Bf1 Na5+ 40. Kc2 Ke7 41. Bd3 f6 42. exf6+ Kxf6 43. Ra1 Ke7 44. h4 Kd6 45. Kb2 e5 46. dxe5+ Kxe5 47. Re1+ Kf6 48. Re4 Rxe4 49. Bxe4 $11 {KB-KN} Ke5 50. Bf3 Nc4+ 51. Ka2 Kd6 52. Be4 Ne3 53. Kb3 Nf1 54. Kb4 Nxg3 55. Bf3 (55. Bd3 $15) 55... h5 (55... Nf5 $17 56. c4 Nxh4) 56. c4 {The position is equal.} bxc4 57. a4 Nf5 58. a5 Nxh4 59. a6 {[#] And now a7 would win.} Kc7 60. a7 Kb7 61. Bxc6+ Kxa7 {White must now prevent ...Kb6.} 62. Kxc4 Kb6 63. Kd5 Kc7 {[#] Hoping for ...g5.} 64. Bb5 Nf5 {...Ng3 is the strong threat.} 65. Ke5 h4 {aiming for ...h3.} 66. Bf1 Ne7 67. Ke6 Kd8 68. Kf6 Kd7 69. Kg5 Ke6 70. Kxh4 Ke5 {Accuracy: White = 73%, Black = 52%.} 1/2-1/2

[Event "9th Ferdowski Cup 2019"]
[Site "Mashhad"]
[Date "2019.03.02"]
[Round "2.2"]
[White "Aminikiasari, Amer"]
[Black "Mosadeghpour, Masoud"]
[Result "0-1"]
[WhiteElo "2290"]
[BlackElo "2542"]
[Annotator "TA"]
[PlyCount "68"]
[EventDate "2019.03.01"]
[EventType "swiss"]
[EventCountry "IRI"]
[SourceTitle "playchess.com"]
[Source "ChessBase"]
[SourceQuality "1"]

{[%evp 14,68,0,0,0,0,28,14,0,0,0,0,-10,-13,0,-45,0,-14,-14,-25,-32,-28,-36,-33,-24,-42,0,0,0,-15,-21,-19,0,-124,-128,-112,-117,-140,-136,-136,-89,-89,-84,-135,-135,-140,-96,-134,-79,-153,-136,-74,0,-29989,-29990,-29990,-29991]} 1. b3 Nf6 2. Bb2 g6 3. Nf3 Bg7 4. e3 c5 5. Be2 O-O 6. O-O d5 7. d4 Ne4 8. Nbd2 Nc6 {D04: Colle System} 9. c3 (9. c4 Nxd2 10. Qxd2 dxc4 11. bxc4 cxd4 12. exd4 Bg4 13. Rfd1 Rc8 14. Rac1 Qc7 15. h3 Bxf3 16. Bxf3 {½-½ (31) Pakleza,Z (2497)-Duda,J (2724) Zgierz 2018}) 9... f5 10. Qc2 cxd4 {The position is equal.} 11. cxd4 Be6 $146 ({Predecessor:} 11... Bd7 12. a3 Rc8 13. Qd1 e6 14. Rc1 {0-1 (94) Cabrera Ortega,A (1758)-Cruz Pino,A Las Palmas 2009}) 12. Rac1 Rc8 {Threatens to win with ...Nxd4.} 13. Qb1 Qd6 14. Bb5 Bd7 (14... Nxd2 {is interesting.} 15. Nxd2 f4 16. Bxc6 fxe3 17. fxe3 Rxf1+ 18. Nxf1 Rxc6 19. Qd3 Ra6) 15. Bxc6 Bxc6 16. Nxe4 (16. Rfd1 {looks sharper.} f4 17. Nxe4 dxe4 18. Ne5 fxe3 19. fxe3 Bh6 20. Rc3) 16... dxe4 17. Ne5 Bxe5 18. dxe5 Qe6 19. Bd4 a5 20. Rc5 g5 21. Qd1 f4 22. Qh5 f3 23. g4 (23. Qxg5+ $11 Kh8 24. g3) 23... h6 $17 24. Rfc1 a4 25. bxa4 Be8 26. Qh3 Rxc5 27. Rxc5 h5 28. Qf1 ({White should try} 28. a5) 28... Qxg4+ $40 {[%mdl 128] White is in trouble.} 29. Kh1 e6 30. Qg1 Qf5 (30... Bxa4 $142 31. Rc1 Ra8 32. Qxg4 hxg4) 31. a5 (31. h4 $142) 31... h4 $1 32. Rc7 Bh5 (32... Bb5 $1 $17) 33. Qc1 $2 {[%mdl 8192] [#]} (33. Rxb7 $11 g4 34. Rb1) 33... Qh3 $1 {[%csl Gf3][%cal Rh3g2]} 34. Qg1 {[#]} g4 $1 {Accuracy: White = 26%, Black = 66%.} 0-1

[Event "9th Ferdowski Cup 2019"]
[Site "Mashhad"]
[Date "2019.03.02"]
[Round "2.3"]
[White "Lorparizangeneh, Shahin"]
[Black "Thing, Bibek"]
[Result "1-0"]
[WhiteElo "2493"]
[BlackElo "2288"]
[Annotator "TA"]
[PlyCount "45"]
[EventDate "2019.03.01"]
[EventType "swiss"]
[EventCountry "IRI"]
[SourceTitle "playchess.com"]
[Source "ChessBase"]
[SourceQuality "1"]

{[%evp 14,45,22,2,0,12,42,31,35,30,62,61,137,133,125,120,129,121,125,129,149,146,157,155,305,314,339,344,490,460,29997,29998,29998,29999]} 1. d4 Nf6 2. c4 e6 3. g3 d5 4. Bg2 dxc4 5. Nf3 Bd7 6. Ne5 Bc6 7. Nxc6 Nxc6 8. O-O Qd7 {E04: Open Catalan: 5 Nf3} 9. e3 O-O-O 10. Nc3 Nd5 {White is slightly better.} 11. Bd2 h5 12. b3 $1 {[%cal Bb2b3,Bb3c4][%mdl 32]} Bb4 $146 {[#]} ({Black should play} 12... cxb3 $14 13. Nxd5 exd5) ({Predecessor:} 12... cxb3 13. Nxd5 exd5 14. Qxb3 Ne7 15. Rab1 c6 16. Rfc1 Kb8 17. e4 dxe4 18. Bxe4 f5 19. Bg2 g6 20. d5 Rc8 21. Bf4+ Ka8 22. dxc6 Nxc6 23. Rd1 {1-0 (23) Firouzja,A (2558)-Gholami Orimi,M (2299) Bushehr 2018}) 13. Nxd5 $1 $16 exd5 14. bxc4 Bxd2 15. Qxd2 Ne7 16. Rfc1 h4 17. cxd5 hxg3 18. hxg3 ({Much less strong is} 18. fxg3 $6 Nxd5 19. Rc5 Qe6 $16) 18... Nxd5 (18... Rh6 $16 {was worth a try.} 19. Rab1 Rb6) 19. Rc5 $18 Ne7 20. Qa5 Kb8 {[#]} (20... Qd6 $142 21. Qxa7 Qa6 22. Qxa6 bxa6) 21. Bxb7 $1 {[%mdl 512] Intending Rb1 and mate.} Kxb7 (21... Rh6 $18 22. Rac1 Rb6) 22. Rb1+ Ka8 {[#]} 23. Qxa7+ $1 {[%mdl 576] Clearance. Accuracy: White = 98%, Black = 33%.} 1-0

[Event "9th Ferdowski Cup 2019"]
[Site "Mashhad"]
[Date "2019.03.02"]
[Round "2.4"]
[White "Darini, Pouria"]
[Black "Khademi, Mohammad Miran"]
[Result "0-1"]
[WhiteElo "2474"]
[BlackElo "2266"]
[Annotator "TA"]
[PlyCount "100"]
[EventDate "2019.03.01"]
[EventType "swiss"]
[EventCountry "IRI"]
[SourceTitle "playchess.com"]
[Source "ChessBase"]
[SourceQuality "1"]

{[%evp 11,100,33,46,26,52,40,31,29,35,46,84,91,86,87,84,70,137,124,129,125,202,167,214,118,117,100,105,109,129,39,49,37,38,33,104,91,84,87,96,41,71,29,29,29,23,29,78,66,59,33,34,38,33,31,57,27,49,20,18,20,55,29,23,29,73,54,52,0,58,-39,-38,-47,-50,-81,-88,-426,-422,-427,-417,-483,-468,-493,-380,-876,-866,-828,-722,-817,-827,-29997,-1105]} 1. e4 e5 2. Nf3 Nf6 3. Nxe5 d6 4. Nf3 Nxe4 5. d4 d5 6. Bd3 Bg4 7. Nbd2 {C42: Petroff Defence: 3 Nxe5 and unusual White 3rd moves} f5 8. c3 Nc6 9. O-O {White is slightly better.} Bd6 10. Qb3 Ne7 $146 ({Predecessor:} 10... Qd7 11. Kh1 Ne7 12. c4 O-O 13. c5 Bf4 14. Nxe4 fxe4 15. Bxe4 Kh8 16. Bxf4 dxe4 {1-0 (29) Satyapragyan,S (2403)-Ramaswamy,A (2239) Dubai 2006}) 11. Ne5 Bxe5 12. dxe5 {Hoping for f3.} c6 13. Bc2 b5 (13... Nc5 $1 $14 14. Qb4 Qb6) 14. a4 $16 bxa4 15. Qxa4 Nc5 (15... O-O $16 16. f3 {[%mdl 64] Double Attack} (16. Nxe4 fxe4 17. Bg5 Bd7 $16) 16... Qb6+ 17. Qd4 c5) 16. Qb4 Ne6 17. Qd6 ({Better is} 17. Nb3 $18) 17... f4 18. Re1 {Strongly threatening h3.} Kf7 19. Nb3 Bf5 {[#]} 20. Bxf5 (20. Bd1 $1 $16) 20... Qxd6 $14 21. exd6 Nxf5 22. Ra6 Rhc8 (22... Rhd8 $1 $14) 23. Na5 {aiming for d7.} Nxd6 24. Nxc6 {Ne5+ is the strong threat.} Nc4 {Threatening ...Nc5.} 25. b3 (25. Ne7 $16 Nc5 26. Nxc8 Nxa6 27. Re7+ Kf6 28. Rxa7 Rxa7 29. Nxa7) 25... Nb6 26. Ne5+ ({But not} 26. Nxa7 Rxc3 27. Rxb6 Rxa7 $11) 26... Kg8 27. Bd2 Nc5 28. Ra3 Ne4 29. Bxf4 Nxc3 30. Be3 d4 31. Bd2 Rc7 32. Nd3 Rac8 33. Kf1 Nbd5 34. Rea1 Rb8 35. g3 Rf7 36. Kg2 Rbb7 37. Re1 h5 38. Ne5 Rfe7 39. f4 (39. Nc6 $14 Rxe1 40. Bxe1) 39... Rec7 ({Black should try} 39... Nf6 $11) 40. Ng6 (40. Nf3 $1 $14) 40... Nf6 $15 41. Kf3 Nb5 $36 {[%mdl 2048] Black is more active.} 42. Ra6 Rc2 43. Ba5 $2 {[%mdl 8192]} (43. Rd1 $17 {is more resistant.}) 43... Nc7 $19 44. Rxf6 {[#] Threatening mate with Rf8+.} gxf6 45. Ke4 Kf7 46. f5 {intending Kd3.} Rxb3 47. Kxd4 $2 (47. Bxc7 Rxc7 48. Kxd4) 47... Nb5+ 48. Kd5 Rd3+ 49. Ke4 Ra3 {( -> ...Nd6+)} 50. Bd8 Rd2 {Accuracy: White = 40%, Black = 59%.} (50... Nd6+ $142 51. Kd4 Rc4+ 52. Kd5 Rd3#) 0-1

[Event "9th Ferdowski Cup 2019"]
[Site "Mashhad"]
[Date "2019.03.02"]
[Round "2.5"]
[White "Lomsadze, Davit"]
[Black "Aitbayev, Aslan"]
[Result "0-1"]
[WhiteElo "2284"]
[BlackElo "2441"]
[Annotator "TA"]
[PlyCount "50"]
[EventDate "2019.03.01"]
[EventType "swiss"]
[EventCountry "IRI"]
[SourceTitle "playchess.com"]
[Source "ChessBase"]
[SourceQuality "1"]

{[%evp 18,50,18,16,31,0,10,6,0,0,30,29,35,-1,34,20,91,-4,34,44,64,0,-39,-40,-40,-37,49,-2,77,0,0,0,68,-912,-895]} 1. e4 d6 2. d4 Nf6 3. Nc3 g6 4. Nf3 Bg7 5. Be2 O-O 6. O-O a6 7. a4 b6 8. Re1 e6 9. Bf1 Bb7 10. h3 Nc6 {B08: Pirc Defence: Classical System} 11. d5 $146 ({Predecessor:} 11. Bg5 h6 12. Be3 Ne7 13. Bf4 g5 14. Bg3 Ng6 15. Nd2 Rc8 16. Nc4 Re8 17. e5 dxe5 18. Nxe5 {1-0 (70) Tunik,G (2388)-Sturua,Z (2548) Sabadell 2017}) 11... exd5 12. Nxd5 Nxd5 {The position is equal.} 13. exd5 Ne7 14. Bg5 Re8 $1 15. a5 Bxb2 16. Rb1 Bg7 (16... Bc3 $11 {remains equal.}) 17. axb6 ({White should try} 17. Qd2 $16) 17... cxb6 (17... h6 {is interesting.} 18. Bd2 Nxd5 19. Rxe8+ Qxe8 20. bxc7 Qc8) 18. c4 h6 19. Bxe7 ({Better is} 19. Be3 $14) 19... Rxe7 $15 20. Rxe7 Qxe7 21. Rxb6 Qc7 (21... Bc8 $15) 22. Qb3 (22. c5 $14) 22... Ra7 {[#]} (22... Bc8 $1 $11) 23. Qe3 (23. c5 $1 $16) 23... Ra8 $11 24. c5 dxc5 ({Black should play} 24... Bxd5 $11 25. cxd6 Qd8) 25. d6 $2 {[%mdl 8192]} (25. Qb3 $14 Ra7 {[#]} 26. Rxg6 $3 {[%mdl 512]}) 25... Qxb6 {Accuracy: White = 21%, Black = 25%.} 0-1

[Event "9th Ferdowski Cup 2019"]
[Site "Mashhad"]
[Date "2019.03.02"]
[Round "2.6"]
[White "Soozankar, A.M."]
[Black "Kreisl, Robert"]
[Result "1/2-1/2"]
[WhiteElo "2262"]
[BlackElo "2427"]
[Annotator "TA"]
[PlyCount "83"]
[EventDate "2019.03.01"]
[EventType "swiss"]
[EventCountry "IRI"]
[SourceTitle "playchess.com"]
[Source "ChessBase"]
[SourceQuality "1"]

{[%evp 18,83,14,-17,2,-15,-11,-7,-20,-4,1,-174,0,0,38,0,34,41,34,43,212,204,214,253,236,171,167,157,214,214,211,211,211,207,215,212,208,184,233,69,77,79,83,83,99,92,106,101,107,107,108,85,85,81,81,66,66,42,42,8,11,11,44,51,52,52,59,54]} 1. e4 d6 2. d4 Nf6 3. Nc3 g6 4. f4 Bg7 5. e5 Nfd7 6. Nf3 c5 7. exd6 O-O 8. Be3 exd6 9. Qd2 Nc6 10. O-O-O Qa5 {B09: Pirc Defence: Austrian Attack} 11. a3 (11. Kb1 Nf6 12. h3 b5 13. Bxb5 Nb4 14. a3 Bf5 15. axb4 cxb4 16. Bd3 Rab8 17. Na2 Nd5 18. Ka1 Rfc8 19. Bxf5 gxf5 20. Qd3 b3 {0-1 (20) Danielian,E (2413)-Motylev,A (2669) Batumi 2018}) 11... Nf6 12. Bc4 Bg4 {With the idea ...cxd4.The position is equal.} 13. dxc5 dxc5 14. Qf2 $2 {[#]} (14. Rhe1 $11 {and White stays safe.}) 14... Bxf3 $2 (14... b5 $1 $19 {[%cal Rb5c4][%mdl 512]} 15. Bxb5 (15. Nxb5 Rab8) 15... Ne4 16. Nxe4 Qxb5) 15. Qxf3 $11 Rac8 $146 (15... Nd4 $5 16. Qxb7 (16. Bxd4 cxd4 17. Rxd4 Nh5 $14) 16... Ng4 $14) ({Predecessor:} 15... Nd4 16. Bxd4 cxd4 17. Rxd4 {1-0 (45) Schaefer,M (2430)-Schlemermeyer,W (2335) Germany 1993}) 16. Nb5 Nd4 17. Nxd4 cxd4 18. Rxd4 Rc6 $2 {[#]} ({Black should play} 18... Nh5 $14 19. Re4 (19. Qxb7 Rc7 $11) 19... Nf6) 19. Bb3 $1 $18 Qc7 20. Rhd1 b5 21. g4 {Threatens to win with g5.} a5 22. a4 {[%cal Ba3a4,Ba4b5][%mdl 32]} Rc8 (22... bxa4 $16 {was necessary.} 23. Bxa4 (23. Rxa4 Rb8 $16) 23... Rb6) 23. axb5 Rxc2+ 24. Kb1 {Black must now prevent b6.} a4 {[#]} 25. Rd8+ $1 {[%mdl 512]} Rxd8 (25... Qxd8 26. Rxd8+) 26. Rxd8+ ({But not} 26. Bxc2 $6 Rb8 $16) 26... Qxd8 27. Bxc2 Nd5 28. Bxa4 $2 (28. Bc5 $18) 28... Nxe3 $14 29. Qxe3 Bd4 30. Qe4 Kf8 31. Bb3 Qd6 32. f5 gxf5 33. Qxf5 {[%csl Gb3][%cal Rf5f7]} Qg6 34. Qxg6 (34. Bc2 {seems wilder.} Qxf5 35. Bxf5 h6 36. Ka2 Ke7 37. Kb3) 34... fxg6 $16 {[%mdl 4096] Endgame KB-KB} 35. Kc2 Ke7 36. Kd3 Bxb2 37. Ke4 Kd6 38. g5 Bc1 39. h4 h6 40. h5 {White is slightly better.} gxh5 41. g6 {Threatening mate with g7.} Bb2 42. Bd5 {Accuracy: White = 47%, Black = 55%.} 1/2-1/2

[Event "9th Ferdowski Cup 2019"]
[Site "Mashhad"]
[Date "2019.03.02"]
[Round "3.1"]
[White "Mosadeghpour, Masoud"]
[Black "Daneshvar, Bardiya"]
[Result "1/2-1/2"]
[WhiteElo "2542"]
[BlackElo "2328"]
[Annotator "ChessBase"]
[PlyCount "120"]
[EventDate "2019.03.01"]
[EventType "swiss"]
[EventCountry "IRI"]
[SourceTitle "playchess.com"]
[Source "ChessBase"]
[SourceQuality "1"]
[TimeControl "5400+30"]

1. e4 {[%emt 0:07:10]} c6 {[%emt 0:00:00]} 2. d4 {[%emt 0:00:15]} d5 {[%emt 0:00:00]} 3. Nd2 {[%emt 0:01:04]} dxe4 {[%emt 0:00:00]} 4. Nxe4 {[%emt 0:00:05]} Nf6 {[%emt 0:00:00]} 5. Nxf6+ {[%emt 0:00:42]} exf6 {[%emt 0:00:07]} 6. c3 {[%emt 0:01:06]} Bd6 {[%emt 0:02:05]} 7. Bd3 {[%emt 0:00:07]} O-O {[%emt 0:00:28]} 8. Ne2 {[%emt 0:00:29]} Re8 {[%emt 0:02:38]} 9. Qc2 {[%emt 0:03:10]} g6 {[%emt 0:01:33]} 10. h4 {[%emt 0:03:08]} h5 {[%emt 0:06:51]} 11. Bh6 {[%emt 0:01:51]} Kh7 {[%emt 0:03:07]} 12. Bd2 {[%emt 0:03:01]} Be6 {[%emt 0:05:30]} 13. O-O-O {[%emt 0:00:39]} b5 {[%emt 0:07:44]} 14. f3 {[%emt 0:09:32]} Bc4 {[%emt 0:01:33]} 15. Rhe1 {[%emt 0:08:39]} Qa5 {[%emt 0:10:13]} 16. Nf4 {[%emt 0:04:56]} Bxd3 {[%emt 0:01:59]} 17. Qxd3 {[%emt 0:00:07]} Nd7 {[%emt 0:02:15]} 18. Kb1 {[%emt 0:01:36]} Bxf4 {[%emt 0:02:38]} 19. Bxf4 {[%emt 0:01:44]} b4 {[%emt 0:03:32]} 20. Rxe8 {[%emt 0:09:57]} Rxe8 {[%emt 0:00:07]} 21. c4 {[%emt 0:00:03]} Qd8 {[%emt 0:04:31]} 22. d5 {[%emt 0:03:32]} c5 {[%emt 0:00:36]} 23. g4 {[%emt 0:02:00]} hxg4 {[%emt 0:02:41]} 24. h5 {[%emt 0:03:13]} Qe7 {[%emt 0:05:32]} 25. Rh1 {[%emt 0:11:37]} Kg7 {[%emt 0:08:25]} 26. Bh6+ {[%emt 0:01:41]} Kg8 {[%emt 0:02:11]} 27. hxg6 {[%emt 0:00:09]} Ne5 {[%emt 0:00:11]} 28. gxf7+ {[%emt 0:00:06]} Qxf7 {[%emt 0:00:11]} 29. Qf5 {[%emt 0:01:01]} Qg6 {[%emt 0:05:28]} 30. Qxg6+ {[%emt 0:01:10]} Nxg6 {[%emt 0:00:02]} 31. fxg4 {[%emt 0:00:09]} Ne5 {[%emt 0:00:10]} 32. Re1 {[%emt 0:08:22]} Kf7 {[%emt 0:00:31]} 33. g5 {[%emt 0:01:19]} fxg5 {[%emt 0:00:58]} 34. Bxg5 {[%emt 0:08:39]} Nxc4 {[%emt 0:00:38]} 35. Rf1+ {[%emt 0:02:21]} Kg6 {[%emt 0:00:31]} 36. Rc1 {[%emt 0:00:07]} Nb6 {[%emt 0:02:04]} 37. Bh4 {[%emt 0:01:03]} Nxd5 {[%emt 0:00:55]} 38. Rxc5 {[%emt 0:00:05]} Re5 {[%emt 0:00:09]} 39. Kc1 {[%emt 0:01:20]} Nf4 {[%emt 0:00:46]} 40. Rxe5 {[%emt 0:01:59]} Nd3+ {[%emt 0:00:01]} 41. Kc2 {[%emt 0:00:03]} Nxe5 {[%emt 0:00:09]} 42. Bg3 {[%emt 0:00:55]} Nc6 {[%emt 0:00:12]} 43. Kd3 {[%emt 0:00:25]} Kf5 {[%emt 0:00:12]} 44. Kc4 {[%emt 0:00:04]} Ke6 {[%emt 0:00:05]} 45. Kc5 {[%emt 0:00:27]} Kd7 {[%emt 0:00:08]} 46. b3 {[%emt 0:00:33]} Ne7 {[%emt 0:00:42]} 47. Bd6 {[%emt 0:01:14]} Nc6 {[%emt 0:00:14]} 48. Kd5 {[%emt 0:00:32]} a5 {[%emt 0:00:35]} 49. Bg3 {[%emt 0:00:30]} a4 {[%emt 0:04:52]} 50. bxa4 {[%emt 0:00:05]} Na5 {[%emt 0:00:06]} 51. Be5 {[%emt 0:00:45]} Kc8 {[%emt 0:00:11]} 52. Kc5 {[%emt 0:00:35]} Kb7 {[%emt 0:00:08]} 53. Kb5 {[%emt 0:00:24]} Nc6 {[%emt 0:00:07]} 54. Bf6 {[%emt 0:00:04]} Na7+ {[%emt 0:00:06]} 55. Kxb4 {[%emt 0:00:40]} Nc6+ {[%emt 0:00:08]} 56. Kc5 {[%emt 0:00:08]} Na7 {[%emt 0:00:08]} 57. Bd4 {[%emt 0:00:48]} Nc6 {[%emt 0:00:06]} 58. Bf2 {[%emt 0:00:05]} Ne5 {[%emt 0:00:11]} 59. Kb5 {[%emt 0:00:15]} Nc6 {[%emt 0:00:08]} 60. a3 {[%emt 0:00:32]} Nb8 {[%emt 0:00:08]} 1/2-1/2

[Event "9th Ferdowski Cup 2019"]
[Site "Mashhad"]
[Date "2019.03.02"]
[Round "3.2"]
[White "Li, Bo"]
[Black "Lorparizangeneh, Shahin"]
[Result "1/2-1/2"]
[WhiteElo "2314"]
[BlackElo "2493"]
[Annotator "TA"]
[PlyCount "111"]
[EventDate "2019.03.01"]
[EventType "swiss"]
[EventCountry "IRI"]
[SourceTitle "playchess.com"]
[Source "ChessBase"]
[SourceQuality "1"]

{[%evp 9,111,31,42,32,34,20,33,25,26,14,28,10,33,22,22,20,22,31,32,30,17,10,32,12,12,8,14,5,17,19,21,0,0,0,0,0,0,0,0,0,3,4,4,0,0,0,0,0,0,0,0,0,0,0,0,0,0,0,22,0,0,-7,-14,0,0,-4,0,0,0,0,0,0,0,0,0,-71,0,0,0,0,0,0,0,0,0,0,0,0,0,0,0,0,0,0,0,0,0,0,0,0,0,0,0,0]} 1. d4 d5 2. c4 dxc4 3. Nf3 Nf6 4. e3 b5 5. a4 b4 6. Bxc4 {aiming for Ne5. D25: Queen's Gambit Accepted: 4 e3: sidelines and 4...Bg4} e6 7. O-O (7. a5 a6 8. Nbd2 Bb7 9. O-O c5 10. Nb3 Nbd7 11. dxc5 Nxc5 12. Nxc5 Bxc5 {1-0 (45) Bluebaum,M (2631)-Anand,V (2776) Karlsruhe/Baden-Baden 2018}) 7... Bb7 8. Qe2 {White is slightly better.} Nbd7 9. Nbd2 Be7 10. Ba6 Qc8 11. Bxb7 Qxb7 12. b3 c5 13. Bb2 O-O {[#]} 14. Nc4 $146 Rac8 15. Rac1 Ne4 16. Nfd2 Nxd2 17. Qxd2 Rfd8 18. Qe2 cxd4 19. Bxd4 Nc5 20. Bxc5 (20. Na5 {seems wilder.} Qd5 21. Qb5 g6 22. h3 a6 23. Qb6) 20... Rxc5 21. e4 Rd4 22. f3 Rc7 23. Rfd1 Rcd7 24. g3 Bg5 25. Rxd4 Rxd4 26. Rd1 Qd7 27. Rxd4 Qxd4+ 28. Kg2 h6 29. f4 Be7 30. Qe3 Qd7 31. Qd2 Qc6 32. Qd3 g5 33. Ne5 Qc5 34. Qd7 {[#] Intending Qe8+ and mate.} Kf8 35. Qd1 Qe3 $1 {[%cal Re3e4]} 36. Qf3 Qd2+ 37. Qf2 $132 {[%mdl 2048] White has counterplay} Qd6 38. Qf3 f6 39. Nc4 Qd4 40. Qe3 Qd1 41. Qf3 Qc2+ 42. Kh3 {[#]} (42. Kf1 $11) 42... f5 (42... Kg7 $1 $17) 43. fxg5 {The position is equal.} hxg5 44. exf5 exf5 45. Ne3 Qxb3 46. Qxf5+ Qf7 {Strongly threatening ...Qxf5+.} 47. Qc8+ $1 Qe8 48. Qf5+ Qf7 {White must now prevent ...Qxf5+.} 49. Qc8+ $1 Kg7 {Threatens to win with ...Qh5+.} 50. Nf5+ Kf6 {And now ...Qh5+ would win.} 51. Kg4 Qe6 52. Qh8+ Kf7 53. Qh5+ Kf8 54. Qh8+ Kf7 55. Qh5+ Kf8 {( -> ...Qe2+)} 56. Qh8+ {Accuracy: White = 61%, Black = 61%.} 1/2-1/2

[Event "9th Ferdowski Cup 2019"]
[Site "Mashhad"]
[Date "2019.03.02"]
[Round "3.3"]
[White "Aitbayev, Aslan"]
[Black "Khademi, Mohammad Miran"]
[Result "1-0"]
[WhiteElo "2441"]
[BlackElo "2266"]
[Annotator "TA"]
[PlyCount "64"]
[EventDate "2019.03.01"]
[EventType "swiss"]
[EventCountry "IRI"]
[SourceTitle "playchess.com"]
[Source "ChessBase"]
[SourceQuality "1"]

{[%evp 9,64,35,74,62,50,51,51,46,84,89,102,50,55,63,59,30,36,29,39,0,14,4,1,0,0,0,121,128,222,240,229,230,245,200,193,202,246,206,187,204,423,422,396,164,335,338,377,365,685,681,675,674,645,647,625,615,29986]} 1. e4 g6 2. d4 Bg7 3. Nf3 d6 4. Nc3 Bg4 5. Be2 e6 (5... Nc6 6. Be3 e5 7. d5 Bxf3 8. Bxf3 Nce7 9. a4 h5 10. a5 a6 11. b4 Bh6 12. Qd2 Bxe3 13. Qxe3 f5 14. exf5 gxf5 15. Qg5 h4 16. Bh5+ {0-1 (41) Ni,H (2646)-Lu,S (2562) China 2013}) 6. Be3 {B06: Modern Defence} Nc6 7. Qd2 Nge7 8. O-O-O {White is slightly better.} Bxf3 9. Bxf3 d5 $146 ({Predecessor:} 9... Qd7 10. Be2 a6 11. d5 Nd8 12. Bh6 O-O 13. h4 f6 14. Bxg7 Kxg7 {1-0 (27) Tajane,G (1722)-Satawase,A (1472) Nasik 2018}) 10. Bh6 ({White should play} 10. h4 $16) 10... Bxh6 $1 $14 11. Qxh6 Qd6 12. Nb5 Qd7 13. Qf4 $36 {[%mdl 2048] White is more active.} O-O-O $1 14. Qxf7 Rdf8 15. Qg7 h5 $1 16. exd5 exd5 17. Rhe1 Kd8 (17... Kb8 $11) 18. c4 $1 $16 Qf5 (18... a6 $16 {was called for.}) 19. Bxd5 $1 $18 Qf4+ 20. Kb1 {And now Bxc6 would win.} Nf5 21. g3 Nxg7 22. gxf4 {aiming for Bxc6.} Rf6 23. Bxc6 Rxc6 24. d5 Rxc4 $2 {[#]} (24... Rf6 25. Nxc7 Kxc7) 25. d6 $1 {[%cal Rd6c7]} c6 26. Re7 (26. Nc7 $142) 26... Nf5 $2 (26... cxb5 27. Rxg7 Rf8) 27. Rxb7 {Strongly threatening d7.} cxb5 {[#]} 28. d7 $1 {White threatens Rb8+ and mate.} Nd4 $2 (28... Rd4) 29. Rb8+ {White is clearly winning.} Kxd7 30. Rxh8 Ke6 31. b3 Rb4 32. a3 Kd5 {Accuracy: White = 63%, Black = 40%.} 1-0